Statistics for The Raditz Quiz

Click here to take the quiz!

General Stats

  • This quiz has been taken 718 times
  • The average score is 8 of 10

Answer Stats

HintAnswer% Correct
Who is Raditz's brother?Goku
99%
What is his race?Saiyan
97%
What color is Raditz's scouter?Green
95%
Raditz's hair is roughly the same length as what form of a Super Saiyan?3
88%
On Dragon Ball Z, did Raditz win his first battle on Earth?Yes
88%
During the Frieza saga, Frieza assumes that who must be Raditz's son?Gohan
81%
Like all Saiyans, Raditz has the capability to transform into one of these.Ape
77%
Raditz is defeated by what technique?Special Beam-Cannon
74%
What is Raditz's power level?1,500
50%
When Piccolo fires his first energy attack, what part of Raditz's body is injured?Shoulder
46%

Score Distribution

Percentile by Number Answered

Percent of People with Each Score

Your Score History

You have not taken this quiz